Politics among nations : (Record no. 358)
[ view plain ]
| 000 -LEADER | |
|---|---|
| fixed length control field | 00569cam a2200205ua 4500 |
| 008 - FIXED-LENGTH DATA ELEMENTS--GENERAL INFORMATION | |
| fixed length control field | 110331n ii |||gr||||Z||||||eng |
| 020 ## - INTERNATIONAL STANDARD BOOK NUMBER | |
| International Standard Book Number | 81-7096-467-9 |
| 040 ## - CATALOGING SOURCE | |
| Transcribing agency | MAIN |
| 082 ## - DEWEY DECIMAL CLASSIFICATION NUMBER | |
| Classification number | 327.11 |
| 245 1# - TITLE STATEMENT | |
| Title | Politics among nations : |
| Remainder of title | struggle for power and peace / |
| Statement of responsibility, etc. | by Hans J. Morgenthau |
| 250 ## - EDITION STATEMENT | |
| Edition statement | 1st. |
| 260 ## - PUBLICATION, DISTRIBUTION, ETC. | |
| Place of publication, distribution, etc. | Delhi: |
| Name of publisher, distributor, etc. | Kalyani,991. |
| 300 ## - PHYSICAL DESCRIPTION | |
| Extent | xiv, 689p: |
| Dimensions | 45cm. |
| 700 ## - ADDED ENTRY--PERSONAL NAME | |
| Personal name | Morgenthau, Hans J., |
| Relator term | |
| 700 ## - ADDED ENTRY--PERSONAL NAME | |
| Personal name | Kenneth, W. Thompson., |
| Relator term | |
| 942 ## - ADDED ENTRY ELEMENTS (KOHA) | |
| Koha item type | Books |
| 653 ## - INDEX TERM--UNCONTROLLED | |
| Uncontrolled term | Political science |
| 653 ## - INDEX TERM--UNCONTROLLED | |
| Uncontrolled term | Politics among nations |
| Withdrawn status | Lost status | Damaged status | Not for loan | Home library | Current library | Shelving location | Date acquired | Total Checkouts | Full call number | Barcode | Date last seen | Copy number | Price effective from | Koha item type |
|---|---|---|---|---|---|---|---|---|---|---|---|---|---|---|
| Central Library, Naharkatiya College | Central Library, Naharkatiya College | 19/09/2020 | 327.11 | MOR | 780 | 19/09/2020 | 1 | 19/09/2020 | Books |
